00446nam a2200181Ia 450000500170000000800410001704000190005804100120007708200130008910000160010224500370011826000320015530000220018750400190020965000120022865100140024085000100025420230720090753.0131103s9999 xx 000 0 und d aLoreto College aEnglish a920bERA aHuizinga,J. aErasmus of RotterdamcJ.Huizinga aLondonbPhaidon Pressc1924 ax,266 p.b illus. aIncludes index aErasmus aBiography aLCLIB